[Event "East Lansing (MI Am/2)"]
[Site "?"]
[Date "1992.??.??"]
[Round "?"]
[White "Calabria, John"]
[Black "Anderson, Jonathan"]
[Result "1/2-1/2"]
[WhiteElo "1605"]
[BlackElo "1605"]
[PlyCount "66"]
[EventDate "1992.??.??"]

1. d4 Nf6 2. c4 e6 3. Nc3 Bb4 4. Qc2 Nc6 5. a3 Nxd4 6. Qa4 Bxc3+ 7. bxc3 Nc6 8.
Nf3 O-O 9. Bg5 e5 10. Qc2 d6 11. e3 Qe7 12. Bxf6 Qxf6 13. Bd3 g6 14. e4 Bg4 15.
Be2 Na5 16. Qd3 Qe6 17. Rb1 b6 18. Ng5 Bxe2 19. Qxe2 Qxc4 20. Qf3 Qa2 21. O-O
Qxa3 22. Qh3 h5 23. Qf3 Nc4 24. Rfd1 Rab8 25. Rd3 Qa2 26. Rbd1 Nb2 27. R1d2
Qa1+ 28. Rd1 Nxd1 29. Rxd1 Qa5 30. Qf6 Qxc3 31. Ne6 fxe6 32. Qxg6+ Kh8 33. Qh6+
Kg8 1/2-1/2

[Event "Detroit (MI Op/3/46)"]
[Site "?"]
[Date "1992.??.??"]
[Round "?"]
[White "Burwell, Raymond"]
[Black "Turner, Darrell"]
[Result "1-0"]
[WhiteElo "1855"]
[BlackElo "1800"]
[PlyCount "59"]
[EventDate "1992.??.??"]

{3/(46)} 1. f4 d5 2. Nf3 c5 3. e3 Nf6 4. b3 Nc6 5. Bb2 e6 6. Be2 Be7 7. O-O O-O
8. Kh1 Ne4 9. d3 Nd6 10. Ne5 Bf6 11. Rf3 Nf5 12. g4 Nfe7 13. Nd2 d4 14. Nxc6
Nxc6 15. g5 Be7 16. e4 e5 17. f5 Bxg5 18. Rg3 Bf4 19. Rg4 Qf6 20. Nf3 Be3 21.
Bc1 Bxc1 22. Qxc1 b6 23. Qd2 Ne7 24. Rag1 g6 25. Qh6 Nc6 26. fxg6 fxg6 27.
Rxg6+ Qxg6 28. Rxg6+ hxg6 29. Qxg6+ Kh8 30. Ng5 1-0

[Event "Detroit (MI Op/5/42)"]
[Site "?"]
[Date "1992.??.??"]
[Round "?"]
[White "Burwell, Raymond"]
[Black "Robes, S."]
[Result "1-0"]
[WhiteElo "1855"]
[BlackElo "1745"]
[PlyCount "93"]
[EventDate "1992.??.??"]

{5/(42)} 1. f4 d5 2. Nf3 Nc6 3. e3 e6 4. b3 Nf6 5. Bb2 Bd7 6. Be2 g6 7. O-O Bg7
8. d3 O-O 9. Nbd2 b5 10. Kh1 a6 11. Ne5 Nxe5 12. fxe5 Ne8 13. d4 Rc8 14. Ba3 c5
15. c3 Nc7 16. Bxc5 Re8 17. e4 Na8 18. exd5 exd5 19. Bg4 Rxc5 20. Bxd7 Qxd7 21.
dxc5 Rxe5 22. Nf3 Rh5 23. Nd4 Nc7 24. Qf3 Be5 25. h3 f6 26. Rae1 Qg7 27. Nc6
Rf5 28. Qd3 Rxf1+ 29. Rxf1 h5 30. Re1 Kh7 31. Qe3 Ne6 32. Nxe5 fxe5 33. Qxe5
Qxe5 34. Rxe5 Nxc5 35. Rxd5 Ne4 36. c4 bxc4 37. bxc4 Nc3 38. Ra5 Kg7 39. Rxa6
h4 40. Kh2 g5 41. a4 Ne4 42. Rb6 Nd2 43. c5 Nc4 44. Ra6 Nd2 45. Rb6 Nc4 46. g3
Nxb6 47. cxb6 1-0

[Event "Detroit (MI Op/1a/15)"]
[Site "?"]
[Date "1992.??.??"]
[Round "?"]
[White "Burwell, Raymond"]
[Black "Linn, Peter"]
[Result "0-1"]
[WhiteElo "1855"]
[BlackElo "2145"]
[PlyCount "94"]
[EventDate "1992.??.??"]

1. e4 e6 2. d4 d5 3. exd5 exd5 4. Nf3 Nc6 5. Be2 Bd6 6. c3 Nge7 7. O-O Bg4 8.
Nbd2 O-O 9. h3 Bf5 10. Ne1 Ng6 11. Ndf3 Re8 12. Bd3 Qd7 13. Bxf5 Qxf5 14. Nd3
Re7 15. Be3 Rae8 16. Re1 Nd8 17. Qd2 Ne6 18. Rad1 Nef4 19. Nxf4 Nxf4 20. Bxf4
Bxf4 21. Rxe7 Rxe7 22. Qd3 Qxd3 23. Rxd3 Re2 24. g3 Bc1 25. c4 Bxb2 26. Rd2
Rxd2 27. Nxd2 dxc4 28. Nxc4 Bxd4 29. Na5 b5 30. Kf1 Kf8 31. Ke2 Ke8 32. f3 Kd7
33. Nb3 Bb6 34. Nd2 f5 35. Kd3 c5 36. g4 g6 37. gxf5 gxf5 38. Nf1 Ke6 39. Ng3
Bc7 40. Ne2 Be5 41. Nc1 Kd5 42. Ne2 c4+ 43. Kc2 a5 44. Kd2 b4 45. Kc2 a4 46.
Nc1 b3+ 47. axb3 cxb3+ 0-1

[Event "Detroit (MI Op/6/29)"]
[Site "?"]
[Date "1992.??.??"]
[Round "?"]
[White "Burwell, Raymond"]
[Black "Bailey, Greg"]
[Result "0-1"]
[WhiteElo "1855"]
[BlackElo "2000"]
[PlyCount "68"]
[EventDate "1992.??.??"]

{6/(29)} 1. f4 e5 2. d4 e4 3. Be3 d5 4. Nc3 c6 5. Qd2 Nf6 6. h3 h5 7. O-O-O Bd6
8. Bf2 Qe7 9. e3 Be6 10. g3 b5 11. Bg2 a5 12. g4 hxg4 13. hxg4 Rxh1 14. Bxh1
Bxg4 15. Nce2 Nh5 16. Bg2 Qe6 17. Re1 Nd7 18. Ng3 Bb4 19. c3 Be7 20. Nxh5 Bxh5
21. Bh3 f5 22. Ne2 Nf6 23. Bh4 Bg4 24. Bxf6 Bxf6 25. Bxg4 fxg4 26. Ng3 g6 27.
Rh1 Kf7 28. Rh7+ Bg7 29. Qh2 Kg8 30. Qh4 g5 31. Qh5 gxf4 32. Nf5 Ra7 33. Qxg4
Kxh7 34. Qh3+ Bh6 0-1

[Event "Detroit (MOR/4/66)"]
[Site "?"]
[Date "1992.??.??"]
[Round "?"]
[White "Burwell, Norman"]
[Black "Sattler, Peter"]
[Result "1-0"]
[WhiteElo "1605"]
[BlackElo "1725"]
[PlyCount "85"]
[EventDate "1992.??.??"]

{4/(66)} 1. e4 c5 2. Nf3 d6 3. Bc4 Nc6 4. Nc3 e6 5. O-O Nf6 6. Re1 Be7 7. b3
O-O 8. Bb2 a6 9. d4 cxd4 10. Nxd4 Nxd4 11. Qxd4 b5 12. Be2 Bb7 13. Bf3 Qc7 14.
Rac1 Rad8 15. Ne2 e5 16. Qd3 Nd7 17. Ng3 Nc5 18. Qc3 g6 19. Bg4 Qb6 20. Qe3 Nd7
21. Qh6 Bf6 22. h4 Bg7 23. Qd2 Nf6 24. Bf3 h5 25. Rcd1 Rd7 26. Bc1 Kh7 27. Qg5
Qc7 28. Re2 Rh8 29. Bxh5 Nxh5 30. Nxh5 gxh5 31. Qxh5+ Kg8 32. Qg4 f6 33. Rd3 d5
34. Qe6+ Kf8 35. Ba3+ Re7 36. g3 Ke8 37. Bxe7 Qxe7 38. Qb6 d4 39. c3 dxc3 40.
Rxc3 Qd7 41. Re1 Qd2 42. Rec1 Bxe4 43. Qe6+ 1-0

[Event "Detroit (MOR/2/53)"]
[Site "?"]
[Date "1992.??.??"]
[Round "?"]
[White "Burwell, Norman"]
[Black "McCarter, Robert"]
[Result "1-0"]
[WhiteElo "1605"]
[BlackElo "1785"]
[PlyCount "103"]
[EventDate "1992.??.??"]

{2/(53)} 1. e4 c5 2. Nf3 Nc6 3. Bc4 e6 4. O-O a6 5. c3 b5 6. Bb3 c4 7. Bc2 Be7
8. d4 cxd3 9. Qxd3 e5 10. Nbd2 Nf6 11. Re1 O-O 12. a3 d6 13. h3 h6 14. Nf1 Be6
15. Nh4 Re8 16. Ne3 Qc7 17. Nd5 Bxd5 18. exd5 Nb8 19. Qf3 Nbd7 20. Nf5 Bf8 21.
Bd2 Qc4 22. b3 Qxd5 23. Nxh6+ gxh6 24. Qg3+ Kh8 25. Rad1 Qe6 26. Qh4 Ng8 27. f4
Qf6 28. Qf2 d5 29. b4 e4 30. Bb3 Nb6 31. Be3 Nc4 32. Bxc4 Qg6 33. Bxd5 Rac8 34.
f5 Qh7 35. Bd4+ f6 36. Be6 h5 37. Rxe4 Rxe6 38. Rxe6 Qb7 39. Qh4 Qh7 40. Qe4 h4
41. Re1 Qh5 42. Rxa6 Qg5 43. Qe6 Rd8 44. Re4 Qc1+ 45. Kh2 Bd6+ 46. Rxd6 Rxd6
47. Qxd6 Ne7 48. Rxh4+ Kg8 49. Qe6+ Kf8 50. Bc5 Qd2 51. Qxe7+ Kg8 52. Qf8# 1-0

[Event "Detroit (MOR/6/74)"]
[Site "?"]
[Date "1992.??.??"]
[Round "?"]
[White "Burwell, Norman"]
[Black "Cramblit, G."]
[Result "1-0"]
[WhiteElo "1605"]
[BlackElo "1605"]
[PlyCount "183"]
[EventDate "1992.??.??"]

{6/(74)} 1. e4 c6 2. d4 d5 3. e5 e6 4. Nf3 Nd7 5. Nbd2 c5 6. c3 Ne7 7. Bb5 Nc6
8. O-O Qb6 9. Bxc6 bxc6 10. dxc5 Bxc5 11. b4 Be7 12. Nb3 c5 13. bxc5 Bxc5 14.
Nxc5 Qxc5 15. Qb3 Rb8 16. Qa3 O-O 17. Re1 Qc7 18. Be3 Bb7 19. Bd4 Ra8 20. Qe7
Qd8 21. Qa3 Nb6 22. Qc1 Qd7 23. Qd1 Ba6 24. Nd2 Nc8 25. Re3 Ne7 26. Rh3 g6 27.
Qg4 Nf5 28. Nb3 Qe7 29. Bc5 Qc7 30. Bxf8 Rxf8 31. Qf4 f6 32. Re1 fxe5 33. Qxe5
Qxe5 34. Rxe5 Ng7 35. Nc5 Bc8 36. a4 Rf7 37. Rd3 Rc7 38. Nb3 Rb7 39. Nc1 Rb1
40. Rd1 Ra1 41. g4 Rxa4 42. h3 Ra3 43. Ne2 Ba6 44. Rc1 Kf7 45. Nd4 Bc8 46. Nb5
Ra6 47. Kg2 Bd7 48. Nd4 Ra4 49. Rb1 Rc4 50. Ne2 a5 51. Rb7 Ke7 52. Re3 a4 53.
Ra7 g5 54. Kg3 h6 55. f4 gxf4+ 56. Nxf4 Kd6 57. Ra6+ Bc6 58. Ng6 h5 59. Ne5 Rc5
60. Nxc6 Rxc6 61. Rxa4 hxg4 62. hxg4 e5 63. Ra7 Ne6 64. Rh7 Rc8 65. Kh4 e4 66.
g5 Nf4 67. Rh6+ Ke5 68. Kg4 Rg8 69. Rf6 Ng6 70. Re2 Ne7 71. Ref2 Rg7 72. Rf7
Rxf7 73. Rxf7 Ke6 74. Rf4 Ke5 75. Rf8 Ke6 76. Rf1 Ke5 77. Kh5 Nf5 78. Kg6 Ne7+
79. Kf7 Nf5 80. g6 e3 81. Rxf5+ Kxf5 82. g7 e2 83. g8=Q e1=Q 84. Qg6+ Kf4 85.
Qf6+ Kg3 86. Qg5+ Kh2 87. Qf4+ Kg1 88. Qd4+ Kh2 89. Kf6 Qe4 90. Qe5+ Kg1 91.
Ke6 Qc4 92. Qd4+ 1-0

[Event "Detroit (MI Op/6/27)"]
[Site "?"]
[Date "1992.??.??"]
[Round "?"]
[White "Burke, Tim"]
[Black "Skidmore, Jennifer"]
[Result "1-0"]
[WhiteElo "1700"]
[BlackElo "1925"]
[PlyCount "109"]
[EventDate "1992.??.??"]

{6/(27)} 1. e4 e5 2. Nf3 d6 3. Bc4 Be7 4. h3 Nf6 5. Qe2 Nbd7 6. c3 Nc5 7. d3
O-O 8. b4 Ne6 9. Be3 Re8 10. Nbd2 c6 11. Bb3 Nf8 12. O-O Ng6 13. d4 Bf8 14.
dxe5 Nxe5 15. Ng5 h6 16. f4 hxg5 17. fxe5 dxe5 18. Rad1 Be6 19. Nf3 Qc7 20.
Bxe6 Rxe6 21. Bxg5 Ne8 22. Nh4 c5 23. b5 Nd6 24. Nf5 Rg6 25. h4 c4 26. Qf3 Re8
27. Rd5 f6 28. Qh5 Kf7 29. Nh6+ Ke6 30. Qxg6 Qb6+ 31. Kh1 gxh6 32. Rxf6+ Kd7
33. Rf7+ Kc8 34. Rf6 hxg5 35. Rfxd6 Bxd6 36. Rxd6 Qxb5 37. Qxg5 Qb1+ 38. Kh2
Qxe4 39. Qf6 Rg8 40. Qe6+ Kc7 41. Rd7+ Kc8 42. Rd4+ Kc7 43. Rxe4 Rd8 44. Rxc4+
Kb8 45. Qxe5+ Ka8 46. Qc7 Rb8 47. h5 a6 48. h6 Rh8 49. Qc8+ Rxc8 50. Rxc8+ Ka7
51. h7 b5 52. h8=Q Kb6 53. Qe5 Ka5 54. Qc5 Ka4 55. Qb4# 1-0

[Event "Detroit (MI Op/2/28)"]
[Site "?"]
[Date "1992.??.??"]
[Round "?"]
[White "Burke, Tim"]
[Black "Selitsky, B."]
[Result "1-0"]
[WhiteElo "1700"]
[BlackElo "2000"]
[PlyCount "71"]
[EventDate "1992.??.??"]

{2/(28)} 1. e4 c5 2. Nf3 Nc6 3. d4 cxd4 4. Nxd4 Nf6 5. Nc3 e5 6. Ndb5 d6 7. Bg5
a6 8. Bxf6 gxf6 9. Na3 b5 10. Nd5 f5 11. Bd3 Be6 12. h4 Bxd5 13. exd5 Ne7 14.
Nxb5 e4 15. Be2 Ng6 16. Nd4 Qa5+ 17. c3 Nf4 18. Bf1 Bg7 19. Qd2 Nxd5 20. Nxf5
Be5 21. O-O-O Bf4 22. Ne3 Nxe3 23. fxe3 Be5 24. Bc4 Rc8 25. Qd5 Qxd5 26. Bxd5
f5 27. Bb7 Rb8 28. Bxa6 Rg8 29. Rdg1 Rg3 30. Rh3 Ke7 31. Rxg3 Bxg3 32. Rf1 Kf6
33. h5 d5 34. Be2 Bh4 35. g4 Ke7 36. Rxf5 1-0

[Event "Flint (Class B/5)"]
[Site "?"]
[Date "1992.??.??"]
[Round "?"]
[White "Burke, Tim"]
[Black "Gregory, Kevin"]
[Result "0-1"]
[WhiteElo "1700"]
[BlackElo "1785"]
[PlyCount "66"]
[EventDate "1992.??.??"]

1. e4 c6 2. d3 d5 3. Nd2 e5 4. Ngf3 Qc7 5. g3 Nf6 6. c3 Be7 7. Bg2 O-O 8. Qc2
h6 9. O-O Be6 10. Re1 dxe4 11. dxe4 Nbd7 12. Nf1 Nc5 13. Nh4 Rad8 14. Ne3 Rd7
15. Nhf5 Rfd8 16. Nxe7+ Rxe7 17. Rd1 Red7 18. b4 Rxd1+ 19. Nxd1 Ncxe4 20. Ne3
Nd6 21. c4 Ng4 22. Nxg4 Bxg4 23. c5 Nb5 24. Be3 Qd7 25. f4 exf4 26. gxf4 Nd4
27. Qb2 Nf5 28. Bf2 Qd2 29. Qb3 Nd4 30. Qc4 Ne2+ 31. Kf1 Nxf4 32. Re1 Nd3 33.
Be3 Qxe1# 0-1

[Event "Detroit (MI Op/4/30)"]
[Site "?"]
[Date "1992.??.??"]
[Round "?"]
[White "Burke, Tim"]
[Black "Golonka, Stan"]
[Result "0-1"]
[WhiteElo "1700"]
[BlackElo "2025"]
[PlyCount "70"]
[EventDate "1992.??.??"]

{4/(30)} 1. e4 c5 2. Nf3 Nc6 3. d4 cxd4 4. Nxd4 e5 5. Nb5 a6 6. Nd6+ Bxd6 7.
Qxd6 Qf6 8. Qc7 Qg6 9. Nc3 Nge7 10. h4 b5 11. h5 Qe6 12. Be3 O-O 13. h6 g6 14.
O-O-O f5 15. Be2 fxe4 16. Rd6 Qf7 17. g4 Rb8 18. Rdd1 b4 19. Nb1 d5 20. Bg5 Rb7
21. Qd6 Rd7 22. Qc5 Nd4 23. Rd2 Ne6 24. Bxe7 Nxc5 25. Bxc5 a5 26. Bxf8 Qxf8 27.
g5 Qf4 28. Bb5 Rd8 29. Rg1 Be6 30. Kd1 d4 31. b3 Rc8 32. Re1 Qh2 33. Rf1 Bh3
34. f4 Qg3 35. Rff2 e3 0-1

[Event "Flint (Class B/1)"]
[Site "?"]
[Date "1992.??.??"]
[Round "?"]
[White "Burke, Tim"]
[Black "Duncan, Robert"]
[Result "1-0"]
[WhiteElo "1700"]
[BlackElo "1625"]
[PlyCount "87"]
[EventDate "1992.??.??"]

1. e4 Nf6 2. e5 Nd5 3. c4 Nb6 4. d4 d6 5. Nf3 Bg4 6. Be2 c6 7. O-O Bxf3 8. Bxf3
dxe5 9. c5 N6d7 10. Nc3 exd4 11. Qxd4 e6 12. Ne4 Na6 13. Nd6+ Bxd6 14. Qxg7 Rf8
15. cxd6 Nb6 16. Bh6 Qxd6 17. Rad1 Nd5 18. Qxh7 O-O-O 19. Bxf8 Rxf8 20. Qg7
Nac7 21. h4 Ne8 22. Qh6 Rg8 23. Rfe1 Qf4 24. Qxf4 Nxf4 25. Kh2 Nf6 26. g3 N4d5
27. Kh3 Kc7 28. g4 Nf4+ 29. Kh2 N6d5 30. g5 f6 31. gxf6 Nxf6 32. Rg1 N4d5 33.
Rxg8 Nxg8 34. Kg3 Kd7 35. Kg4 Ke7 36. Kg5 Kf7 37. h5 Kg7 38. Be4 Nh6 39. Bg6
Ng8 40. Re1 Nc7 41. Kf4 Ne7 42. Kg5 Ng8 43. f4 Nh6 44. f5 1-0

[Event "Detroit (MI Op/7/19)"]
[Site "?"]
[Date "1992.??.??"]
[Round "?"]
[White "Burke, Tim"]
[Black "Drkulec, Vladimir"]
[Result "0-1"]
[WhiteElo "1700"]
[BlackElo "2045"]
[PlyCount "106"]
[EventDate "1992.??.??"]

{7/(19)} 1. e4 e5 2. Nf3 Nc6 3. Bb5 a6 4. Ba4 Nf6 5. O-O Be7 6. Re1 b5 7. Bb3
O-O 8. c3 d5 9. exd5 Nxd5 10. Nxe5 Nxe5 11. Rxe5 c6 12. d4 Bd6 13. Re1 Qh4 14.
g3 Qh3 15. Re4 g5 16. Bxg5 Qf5 17. Bc2 Qxg5 18. Rh4 f5 19. Nd2 Ra7 20. Nf3 Qf6
21. Qd2 f4 22. g4 Rg7 23. g5 Rxg5+ 24. Kh1 Rg7 25. Rg1 Rxg1+ 26. Kxg1 Rf7 27.
h3 Rg7+ 28. Kh1 Bf5 29. Rh5 Bxc2 30. Qxc2 Qg6 31. Qxg6 Rxg6 32. Ne5 Bxe5 33.
dxe5 h6 34. Rh4 Kg7 35. a4 Rg5 36. e6 Re5 37. b3 Nxc3 38. Rxf4 Rxe6 39. Kg2 Rf6
40. Rd4 Nd5 41. Kg3 Kf7 42. Re4 Re6 43. Rh4 Ne7 44. Kf3 Ng6 45. Rd4 Ke7 46. Kg2
c5 47. Rd2 c4 48. bxc4 bxc4 49. Rd4 Rc6 50. Rd2 c3 51. Rc2 Nh4+ 52. Kg3 Nf5+
53. Kf4 Nd4 0-1

[Event "Flint (Class B/3)"]
[Site "?"]
[Date "1992.??.??"]
[Round "?"]
[White "Burke, Tim"]
[Black "Calton, David A"]
[Result "1-0"]
[WhiteElo "1700"]
[BlackElo "1605"]
[PlyCount "57"]
[EventDate "1992.??.??"]

1. e4 c5 2. Nf3 e6 3. d4 Nc6 4. Nc3 cxd4 5. Nxd4 Nxd4 6. Qxd4 Nf6 7. e5 Ng8 8.
Bf4 Qb6 9. Qxb6 axb6 10. Nb5 Kd8 11. a3 Bc5 12. Rd1 Ne7 13. b4 Nd5 14. Bc1 Be7
15. Bc4 Nc7 16. Nd6 Bxd6 17. exd6 Na6 18. Be3 f6 19. Bxb6+ Ke8 20. O-O Nb8 21.
Bc5 Nc6 22. f4 b5 23. Bxb5 Rxa3 24. Ra1 Rxa1 25. Rxa1 Kf7 26. Bxc6 dxc6 27.
Ra7+ Kg6 28. d7 Kf5 29. Ra8 1-0

[Event "Detroit (MOR/2/69)"]
[Site "?"]
[Date "1992.??.??"]
[Round "?"]
[White "Burke, David"]
[Black "Sundeen, David"]
[Result "0-1"]
[WhiteElo "1605"]
[BlackElo "1680"]
[PlyCount "56"]
[EventDate "1992.??.??"]

{2/(69)} 1. b3 e5 2. Bb2 d6 3. e4 Nf6 4. Nc3 Nc6 5. Bb5 Bd7 6. d3 Nd4 7. Bxd7+
Qxd7 8. Nce2 Nxe2 9. Qxe2 g6 10. Nf3 Bg7 11. d4 exd4 12. Bxd4 O-O 13. Rd1 Nxe4
14. Qxe4 Rfe8 15. Ne5 Qb5 16. a4 Qb4+ 17. c3 Rxe5 18. cxb4 Rxe4+ 19. Be3 Bc3+
20. Ke2 Bxb4 21. Kd3 d5 22. f3 Re6 23. g4 a6 24. Rc1 c6 25. h4 Rae8 26. Bf2 Re2
27. Rc2 Rxc2 28. Kxc2 Re2+ 0-1

[Event "Detroit (MOR/4/98)"]
[Site "?"]
[Date "1992.??.??"]
[Round "?"]
[White "Burke, David"]
[Black "Raupp, Sarah"]
[Result "1-0"]
[WhiteElo "1605"]
[BlackElo "1605"]
[PlyCount "89"]
[EventDate "1992.??.??"]

{4/(98)} 1. e4 e6 2. d4 d5 3. e5 Nc6 4. Nf3 Nge7 5. Bg5 h6 6. Bh4 g5 7. Bg3 Nf5
8. Bb5 Bd7 9. Nc3 Bb4 10. Qd3 Nxg3 11. fxg3 Qe7 12. a3 Bxc3+ 13. Qxc3 O-O 14.
O-O f6 15. Qd3 Qh7 16. Qxh7+ Kxh7 17. exf6 Rxf6 18. Nxg5+ Kg7 19. Nf3 Raf8 20.
Rae1 Nb8 21. Bxd7 Nxd7 22. h4 b6 23. g4 c5 24. Ne5 Nxe5 25. dxe5 Rxf1+ 26. Rxf1
Rxf1+ 27. Kxf1 a5 28. a4 Kg6 29. Kf2 h5 30. Kf3 hxg4+ 31. Kxg4 d4 32. b3 d3 33.
cxd3 Kh6 34. h5 Kh7 35. Kg5 Kg7 36. h6+ Kf7 37. g4 Kf8 38. Kf6 Kg8 39. g5 Kh7
40. Kf7 Kh8 41. g6 c4 42. bxc4 b5 43. axb5 a4 44. g7+ Kh7 45. g8=Q+ 1-0

[Event "Detroit (MOR/6/73)"]
[Site "?"]
[Date "1992.??.??"]
[Round "?"]
[White "Burke, David"]
[Black "Davis, Michael"]
[Result "1/2-1/2"]
[WhiteElo "1605"]
[BlackElo "1605"]
[PlyCount "75"]
[EventDate "1992.??.??"]

{6/(73)} 1. b3 b6 2. Bb2 Bb7 3. d3 Nf6 4. Nd2 e6 5. a3 Be7 6. e4 d6 7. Ne2 O-O
8. Ng3 Nbd7 9. Be2 Ne8 10. Nf3 Bf6 11. d4 e5 12. d5 g6 13. Bc1 Bg7 14. Be3 Nef6
15. Qd2 Nc5 16. Bxc5 bxc5 17. h4 c6 18. c4 cxd5 19. cxd5 h5 20. Rc1 Qb6 21. Bc4
a5 22. a4 Ba6 23. O-O Bxc4 24. bxc4 Qb4 25. Qc2 Qb6 26. Rb1 Qc7 27. Rb5 Rfb8
28. Rfb1 Rxb5 29. Rxb5 Rb8 30. Qb3 Rxb5 31. Qxb5 Bh6 32. Ng5 Bxg5 33. hxg5 Nh7
34. Ne2 Nxg5 35. Nc3 Qd8 36. Qc6 Kg7 37. f3 f6 38. Nb5 1/2-1/2

[Event "Detroit (Pan Am/1)"]
[Site "?"]
[Date "1992.??.??"]
[Round "?"]
[White "Burdick, B."]
[Black "Mankiewicz, Ryan"]
[Result "1-0"]
[WhiteElo "2035"]
[BlackElo "1605"]
[PlyCount "99"]
[EventDate "1992.??.??"]

1. c4 e5 2. Nc3 Nc6 3. Nf3 g6 4. d4 exd4 5. Nxd4 Bg7 6. Nxc6 bxc6 7. g3 Ne7 8.
Bg2 Ba6 9. Qa4 Qc8 10. O-O O-O 11. Rd1 Re8 12. Bf4 Rb8 13. Rab1 Nf5 14. Ne4
Rxb2 15. Nc5 Rexe2 16. Rxb2 Rxb2 17. Nxa6 Bd4 18. Rf1 Qe8 19. Qd1 Rxa2 20. Nxc7
Qe2 21. Qxe2 Rxe2 22. Bh3 a5 23. Rd1 Bxf2+ 24. Kf1 Rc2 25. Bxf5 gxf5 26. Rxd7
h5 27. Rd8+ Kh7 28. Ra8 Bb6 29. Ra6 Bxc7 30. Bxc7 Rxc4 31. Rxa5 Kg6 32. Bf4 Rc2
33. h4 Kf6 34. Ke1 Ke6 35. Kd1 Rf2 36. Re5+ Kf6 37. Rc5 Ra2 38. Rxc6+ Kg7 39.
Rh6 Rg2 40. Rxh5 Kf6 41. Rh6+ Kg7 42. Rd6 f6 43. h5 Rh2 44. h6+ Kg6 45. Rd7
Rh1+ 46. Ke2 Rh3 47. Rg7+ Kh5 48. Rb7 Kg6 49. Kf3 Rh5 50. Rg7# 1-0

[Event "Detroit (Pan Am/5)"]
[Site "?"]
[Date "1992.??.??"]
[Round "?"]
[White "Burdick, B."]
[Black "DeJongh, John"]
[Result "1-0"]
[WhiteElo "2035"]
[BlackElo "1620"]
[PlyCount "71"]
[EventDate "1992.??.??"]

1. c4 c5 2. Nc3 Nc6 3. Nf3 e6 4. g3 b6 5. Bg2 Rb8 6. d4 cxd4 7. Nxd4 Nxd4 8.
Qxd4 Nf6 9. O-O Bc5 10. Qf4 Bb7 11. Nb5 Bxg2 12. Kxg2 Rb7 13. Qf3 d5 14. Bg5 h6
15. Bxf6 Qxf6 16. Qxf6 gxf6 17. cxd5 exd5 18. Rfd1 a6 19. Nc3 d4 20. Ne4 Ke7
21. Rac1 Rd8 22. b3 Rd5 23. Rd3 Rbd7 24. Rcd1 f5 25. Nd2 Re5 26. Kf3 Rd8 27.
Nc4 Red5 28. Ne3 Re5 29. Nc2 Red5 30. b4 Kf6 31. bxc5 bxc5 32. Ne3 Re5 33. Nc4
Re6 34. e3 Rde8 35. exd4 Re4 36. Nd6 1-0

[Event "Detroit (Pan Am/3)"]
[Site "?"]
[Date "1992.??.??"]
[Round "?"]
[White "Burdick, B."]
[Black "Basin, Leonid"]
[Result "0-1"]
[WhiteElo "2035"]
[BlackElo "2485"]
[PlyCount "90"]
[EventDate "1992.??.??"]

1. c4 Nf6 2. Nc3 e6 3. e4 d5 4. e5 d4 5. exf6 dxc3 6. bxc3 Qxf6 7. d4 c5 8. Nf3
cxd4 9. Bg5 Qf5 10. cxd4 Bb4+ 11. Bd2 Be7 12. Qb3 Nc6 13. Bd3 Qg4 14. O-O Nxd4
15. Nxd4 Qxd4 16. Rad1 O-O 17. Bc3 Qb6 18. Qc2 f5 19. Rb1 Qc6 20. Rfe1 Bd7 21.
Qb2 Kf7 22. Qxb7 Qxb7 23. Rxb7 Bc6 24. Rb2 Rfd8 25. Bf1 Bc5 26. Rbe2 Be4 27.
Ba5 Rd6 28. Rb2 Rc8 29. Rb5 Bd4 30. Rc1 Bc6 31. Rb3 Bc5 32. Bb4 Bxb4 33. Rxb4
Rd2 34. c5 Rxa2 35. Bc4 Ra5 36. Bb3 Ra3 37. f3 Kf6 38. Bc4 Ra5 39. Bb3 Rd8 40.
Rc2 e5 41. Kf2 g5 42. h4 h6 43. hxg5+ hxg5 44. Ke3 e4 45. fxe4 Bxe4 0-1

[Event "Detroit (MI Action/2)"]
[Site "?"]
[Date "1992.??.??"]
[Round "?"]
[White "Bullard, M."]
[Black "Keck, K."]
[Result "0-1"]
[WhiteElo "1605"]
[BlackElo "1605"]
[PlyCount "60"]
[EventDate "1992.??.??"]

1. d4 Nf6 2. e3 Nc6 3. Nf3 e6 4. Bd3 Bd6 5. Nc3 O-O 6. e4 e5 7. dxe5 Nxe5 8.
Nxe5 Bxe5 9. Nb5 d6 10. Bc4 Ng4 11. f3 Qh4+ 12. g3 Bxg3+ 13. hxg3 Qxh1+ 14. Ke2
Qg2+ 15. Kd3 Ne5+ 16. Ke3 Nxc4+ 17. Kd3 Ne5+ 18. Kd4 c5+ 19. Kd5 Be6+ 20. Kxd6
Rad8+ 21. Kxc5 b6+ 22. Kb4 Nc6+ 23. Ka3 Rxd1 24. Nc3 Qxf3 25. Ka4 Rd4+ 26. Kb5
Qh5+ 27. Ka6 Qa5+ 28. Kb7 Rb8+ 29. Kc7 Rd7+ 30. Kxc6 Qc5# 0-1

[Event "Detroit (MOR/1a/58)"]
[Site "?"]
[Date "1992.??.??"]
[Round "?"]
[White "Buerkle, T."]
[Black "Zuniga, Jesus"]
[Result "1-0"]
[WhiteElo "1605"]
[BlackElo "1605"]
[PlyCount "55"]
[EventDate "1992.??.??"]

1. d4 d5 2. e3 Nc6 3. c3 e5 4. g3 Nf6 5. Bg2 e4 6. Qb3 Na5 7. Qa4+ Nc6 8. Ne2
Bd7 9. O-O b6 10. Nd2 Be7 11. Qc2 Bf5 12. a3 O-O 13. b4 a5 14. b5 Na7 15. a4 c5
16. dxc5 Bxc5 17. Nb3 Bd6 18. Nbd4 Qd7 19. Nxf5 Qxf5 20. Nd4 Qe5 21. Qe2 Rac8
22. Bb2 Bc5 23. Bh3 Rcd8 24. Rac1 g6 25. Rfd1 h5 26. Nb3 Be7 27. c4 g5 28. Bxe5
1-0

[Event "Detroit (MOR/4/69)"]
[Site "?"]
[Date "1992.??.??"]
[Round "?"]
[White "Buerkle, T."]
[Black "Smith, Rob"]
[Result "0-1"]
[WhiteElo "1605"]
[BlackElo "1700"]
[PlyCount "80"]
[EventDate "1992.??.??"]

{4/(69)} 1. d4 Nf6 2. Nf3 e6 3. e3 d5 4. Bd3 Nbd7 5. O-O b6 6. Re1 Bb7 7. Nbd2
c5 8. c3 Ne4 9. Bb5 Bd6 10. Qc2 O-O 11. Be2 Rc8 12. Qd1 f5 13. g3 Rf6 14. Bf1
Rh6 15. dxc5 Ndxc5 16. Nd4 e5 17. Nxf5 Rf6 18. Nxd6 Qxd6 19. Nxe4 Nxe4 20. f3
Ng5 21. Bg2 Rcf8 22. Rf1 Ba6 23. Rf2 Ne4 24. Rc2 Ng5 25. f4 exf4 26. exf4 Qc5+
27. Kh1 Ne4 28. Qd4 Qe7 29. Qxd5+ Kh8 30. Be3 Nxg3+ 31. hxg3 Rh6+ 32. Kg1 Qxe3+
33. Rf2 Qxg3 34. Rf3 Qh2+ 35. Kf2 Rg6 36. Rg1 Qh4+ 37. Ke3 Re8+ 38. Qe5 Rxe5+
39. fxe5 Qg5+ 40. Kf2 Qd2# 0-1

[Event "Detroit (MOR/6/91)"]
[Site "?"]
[Date "1992.??.??"]
[Round "?"]
[White "Buerkle, T."]
[Black "McFolley, John"]
[Result "1-0"]
[WhiteElo "1605"]
[BlackElo "1605"]
[PlyCount "131"]
[EventDate "1992.??.??"]

{6/(91)} 1. d4 Nf6 2. e3 d5 3. Bd3 Nc6 4. c3 e5 5. dxe5 Nxe5 6. Be2 Bc5 7. Nf3
Qe7 8. O-O Bd6 9. Nbd2 Bg4 10. Re1 h5 11. a4 h4 12. h3 Bxh3 13. gxh3 Qe6 14.
Bf1 Ne4 15. Nxe5 Qxe5 16. f4 Qe6 17. Nxe4 dxe4 18. a5 g5 19. Bg2 Rg8 20. Qa4+
c6 21. Qxe4 Qxe4 22. Bxe4 gxf4+ 23. Kf2 fxe3+ 24. Kf1 O-O-O 25. Bxe3 f5 26.
Bxf5+ Kb8 27. Bg4 Rgf8+ 28. Kg1 Bg3 29. Rf1 Rfe8 30. Bf4+ Ka8 31. Bxg3 hxg3 32.
Rf3 Re2 33. b4 Rh2 34. Rxg3 Rhd2 35. Re1 Kb8 36. Re7 Rc2 37. Rge3 Rh8 38. Re8+
Rxe8 39. Rxe8+ Kc7 40. Re3 Kd6 41. h4 Rd2 42. Re8 Rc2 43. Re3 Rd2 44. Be2 Rc2
45. h5 Rd2 46. Rd3+ Rxd3 47. Bxd3 Ke6 48. h6 Kf6 49. h7 Kg7 50. Bf5 b6 51. Kf2
c5 52. Ke3 cxb4 53. cxb4 Kh8 54. axb6 axb6 55. Kd4 b5 56. Kc5 Kg7 57. Bd3 Kh8
58. Kxb5 Kg7 59. Kc6 Kh8 60. b5 Kg7 61. b6 Kh8 62. b7 Kg7 63. b8=Q Kf7 64. h8=Q
Ke7 65. Qhf8+ Ke6 66. Qbd6# 1-0

[Event "Detroit (MOR/4/104)"]
[Site "?"]
[Date "1992.??.??"]
[Round "?"]
[White "Brown, W."]
[Black "Schafer, Jurgen"]
[Result "1-0"]
[WhiteElo "1605"]
[BlackElo "1605"]
[PlyCount "81"]
[EventDate "1992.??.??"]

{4/(104)} 1. e4 c5 2. Bc4 Nc6 3. c3 e6 4. Nf3 d5 5. exd5 exd5 6. Qe2+ Be7 7.
Bb3 Nf6 8. O-O O-O 9. d3 Bg4 10. h3 Bh5 11. Nbd2 Re8 12. Re1 Qc7 13. Qf1 Bd6
14. d4 cxd4 15. cxd4 Bg6 16. Bd1 Nb4 17. Rxe8+ Rxe8 18. g3 Nd3 19. Nb3 Nxf2 20.
Qxf2 Bxg3 21. Qg2 Ne4 22. Be3 f5 23. Nbd2 f4 24. Nxe4 Bxe4 25. Bf2 Rf8 26. Bb3
Qd7 27. Rf1 Rf6 28. Rd1 Rg6 29. Qh1 Bxf2+ 30. Kxf2 Rg3 31. Ne5 Rxb3 32. axb3
Qe7 33. Qh2 Qh4+ 34. Ke2 Qh5+ 35. Kd2 f3 36. Rc1 Qg5+ 37. Kd1 Qf5 38. Ke1 g5
39. Ng4 Kf8 40. Qb8+ Kg7 41. Rc7+ 1-0